000 00371 a2200169 4500
001 186803
020 _a85-329-0317-7
040 _cMagnum
100 _aCasasanta, Therezinha
240 1 0 _aCom quem está o chapéu?
_lpor
245 1 0 _aCom quem está o chapéu?
300 _a16
362 0 _a1996
440 1 _a
697 _aLITERATURA INFANTIL
942 _cBK
999 _c186803
_d186803